header

The professionalisation of political communication (Record no. 242730)

MARC details
000 -LEADER
fixed length control field 01267nam a2200313 a 4500
245 04 - TITLE STATEMENT
Title The professionalisation of political communication
260 ## - PUBLICATION, DISTRIBUTION, ETC. (IMPRINT)
Place of publication Bristol ;
-- Chicago :
Name of publisher Intellect Books,
Year of publication c2007.
300 ## - PHYSICAL DESCRIPTION
Number of Pages 192 p.
490 1# - SERIES STATEMENT
Series statement Changing media, changing Europe,
650 #0 - SUBJECT ADDED ENTRY--TOPICAL TERM
Topical Term Communication in politics
700 1# - ADDED ENTRY--PERSONAL NAME
Personal name Negrine, Ralph M.
856 40 - ELECTRONIC LOCATION AND ACCESS
Uniform Resource Identifier http://site.ebrary.com/lib/rucke/Doc?id=10161035

No items available.

© 2026 Rongo University
Contact us: librarian | system librarian | Rongo university